La langue d'enseignement au Liban (Record no. 17140)

MARC details
000 -LEADER
fixed length control field 00487nam a2200169 4500
008 - FIXED-LENGTH DATA ELEMENTS--GENERAL INFORMATION
fixed length control field b xx# fre u
040 ## - CATALOGING SOURCE
Original cataloging agency LB-BrCRDP
082 ## - DEWEY DECIMAL CLASSIFICATION NUMBER
Classification number 370.1/NAH
100 1# - MAIN ENTRY--PERSONAL NAME
Personal name Nahas,Georges
130 0# - MAIN ENTRY--UNIFORM TITLE
Language of a work FR
245 10 - TITLE STATEMENT
Title La langue d'enseignement au Liban
Remainder of title Actes du colloque de l'université de Balamand 1992
Statement of responsibility, etc. Georges Nahas
260 ## - PUBLICATION, DISTRIBUTION, ETC.
Place of publication, distribution, etc. Liban
Name of publisher, distributor, etc. Balamand
Date of publication, distribution, etc. 1992
300 ## - PHYSICAL DESCRIPTION
Extent 323p.;
Dimensions 24cm
650 ## - SUBJECT ADDED ENTRY--TOPICAL TERM
Topical term or geographic name entry element Enseignement
942 ## - ADDED ENTRY ELEMENTS (KOHA)
Koha item type Books
Holdings
Withdrawn status Lost status Source of classification or shelving scheme Damaged status Not for loan Home library Current library Shelving location Date acquired Total Checkouts Full call number Date last seen Price effective from Koha item type
    Dewey Decimal Classification     مكتب الاعداد والتدريب - الدكوانه مكتب الاعداد والتدريب - الدكوانه Standard Shelving Location 07/28/2016   370.1 NAH 07/28/2016 07/28/2016 Books